Images del'automne (Record no. 129)

MARC details
000 -LEADER
Leader 00423nam a2200157 4500
003 - IDENTIFIANT DE NUMÉRO DE CONTRÔLE
champ de contrôle OSt
005 - DATE ET HEURE DE LA DERNIÈRE TRANSACTION
champ de contrôle 20250405162929.0
007 - CHAMP FIXE DE DESCRIPTION PHYSIQUE -- INFORMATIONS GENERALES
Leader tb
008 - Éléments de longueur fixe - Renseignements généraux
Leader 241019b |||||||| |||| 00| 1 fre d
040 ## - SOURCE DE CATALOGAGE
Agence transcriptrice autismepaimpol.fr
100 ## - Auteur - Autrice
Auteur Collectif (auteur)
245 ## - Titre
Titre Images del'automne
260 ## - Publication, diffusion, etc. (marque d'éditeur)
Nom de l'éditeur, du diffuseur, etc. EDITIONS LITO
Date de publication, de diffusion, etc. 1990
942 ## - Type d'objet
Type d'objet Livre jeunesse
562 ## - NOTE D'IDENTIFICATION DE L'EXEMPLAIRE ET DE LA VERSION
Format de présentation 6 pages augmentées de nombreuses illustrations en couleur dans et hors texte
999 ## -
-- 129
-- 129
Holdings
Statut retiré des collections Statut perdu Source de classification / plan de classement Statut endommagé Exclu du prêt Site de rattachement Site actuel Date d'acquisition Total des prêts Code à barres Vu en dernier Prix effectif de Type de document Koha
    Classification décimale de Dewey     Autisme Paimpol - Matériel Autisme Paimpol - Matériel 19/10/2024   64 19/10/2024 19/10/2024 Livre jeunesse

Powered by Koha